| 000 | 00608nam a2200217 a 4500 | ||
|---|---|---|---|
| 005 | 20231026063634.0 | ||
| 008 | 991125s2007 bar 000 0 spa u | ||
| 020 | _a9788434847408 | ||
| 035 | _aUPN01000049861 | ||
| 049 | _aCG | ||
| 050 | 4 |
_aPQ6657 A5.3 _bN8.3 |
|
| 100 | 1 |
_aGándara, Alejandro, _d1957- _935054 |
|
| 245 | 1 | 0 |
_aNunca seré como te quiero / _cCándara Alejandro. |
| 260 |
_aMadrid : _bSM, _c2007 |
||
| 300 | _a146 p. | ||
| 440 | 0 |
_aGran angular ; _v140 |
|
| 650 | 0 |
_aPadres e hijos _vNovela _912603 |
|
| 650 | 4 |
_aAmor _vNovela _9397 |
|
| 650 | 0 |
_aAdolescencia _vNovela _98176 |
|
| 905 | _aLibro | ||
| 999 |
_c49861 _d49861 |
||